[Event "CAN-ch University"]
[Site "London"]
[Date "2017.01.15"]
[Round "5"]
[White "Ivanov, Mike"]
[Black "Qin, Zi Yi"]
[Result "0-1"]
[WhiteElo "2361"]
[BlackElo "2481"]
[PlyCount "94"]
[EventDate "2017.01.14"]
[EventType "swiss"]
[EventRounds "5"]
[EventCountry "CAN"]
[SourceTitle "EXT 2022"]
[Source "ChessBase"]
[SourceDate "2021.10.06"]
[SourceVersion "1"]
[SourceVersionDate "2021.10.06"]
[SourceQuality "1"]

1. e4 c5 2. Nf3 d6 3. Bb5+ Bd7 4. Bxd7+ Qxd7 5. 0-0 Nc6 6. c3 Nf6 7. d4 Nxe4 8. d5 Ne5 9. Re1 Nf6 10. Nxe5 dxe5 11. Rxe5 e6 12. c4 0-0-0 13. Nc3 Bd6 14. Re1 exd5 15. cxd5 Qf5 16. Qf3 Qxf3 17. gxf3 h6 18. Be3 b6 19. a4 Be5 20. a5 Kb7 21. axb6 axb6 22. Nb5 Bb8 23. d6 Rhe8 24. Nc7 Bxc7 25. dxc7 Rd7 26. Ra4 Nd5 27. Rg4 f5 28. Rg6 Kxc7 29. Kf1 Kb7 30. Bd2 Rxe1+ 31. Kxe1 Ka6 32. b3 Kb5 33. h4 Ka6 34. h5 Kb5 35. Ke2 Ra7 36. Kd3 Rd7 37. Kc2 Rf7 38. Bc3 Nxc3 39. Kxc3 Ra7 40. Rg1 Ra2 41. Rxg7 Rxf2 42. Rg6 Rxf3+ 43. Kc2 Ka5 44. Rxh6 b5 45. Rc6 Kb4 46. h6 Rc3+ 47. Kd2 Rxb3 0-1

[Event "Outaouais op (TORO)"]
[Site "Gatineau"]
[Date "2015.06.07"]
[Round "5"]
[White "Qin, Zi Yi"]
[Black "Hambleton, Aman"]
[Result "1/2-1/2"]
[WhiteElo "2440"]
[BlackElo "2606"]
[PlyCount "59"]
[EventDate "2015.06.05"]
[EventType "swiss"]
[EventRounds "5"]
[EventCountry "CAN"]
[SourceTitle "EXT 2019"]
[Source "ChessBase"]
[SourceDate "2018.10.10"]
[SourceVersion "1"]
[SourceVersionDate "2018.10.10"]
[SourceQuality "1"]

1. e4 e6 2. d4 d5 3. Nd2 c5 4. exd5 Qxd5 5. Ngf3 cxd4 6. Bc4 Qd7 7. 0-0 Nf6 8. Nb3 Nc6 9. Nbxd4 Nxd4 10. Nxd4 a6 11. Bb3 Be7 12. c3 b6 13. Re1 Bb7 14. Bg5 Rd8 15. Qe2 Nd5 16. Bxe7 Qxe7 17. Qe5 0-0 18. Rad1 Qf6 19. Qxf6 Nxf6 20. Nc2 Ne4 21. Ne3 Rfe8 22. f3 Nd6 23. Rd2 Kf8 24. Red1 Ke7 25. Kf2 Nc8 26. Rxd8 Rxd8 27. Rxd8 Kxd8 28. Bc2 h6 29. Bd3 Nd6 30. Nc4 1/2-1/2

[Event "Aurora Summer op"]
[Site "Aurora"]
[Date "2014.07.06"]
[Round "5.1"]
[White "Sambuev, Bator"]
[Black "Qin, Zi Yi"]
[Result "1-0"]
[WhiteElo "2690"]
[BlackElo "2421"]
[PlyCount "125"]
[EventDate "2014.07.05"]
[EventType "swiss"]
[EventRounds "5"]
[EventCountry "CAN"]
[SourceTitle "EXT 2022"]
[Source "ChessBase"]
[SourceDate "2021.10.06"]
[SourceVersion "1"]
[SourceVersionDate "2021.10.06"]
[SourceQuality "1"]

1. e4 c5 2. Ne2 d6 3. g3 g6 4. Bg2 Bg7 5. c3 Nc6 6. d4 Nf6 7. h3 0-0 8. Be3 Qb6 9. Qd2 Bd7 10. 0-0 Rac8 11. Na3 cxd4 12. cxd4 Qb4 13. Nc3 e5 14. Nc2 Qa5 15. Rac1 exd4 16. Nxd4 Rfe8 17. Ndb5 Ne5 18. Nxd6 Nc4 19. Nxc4 Rxc4 20. b3 Rcc8 21. Nd5 Qxd2 22. Nxf6+ Bxf6 23. Bxd2 Bb2 24. Rxc8 Rxc8 25. Rd1 Be6 26. Be3 b6 27. f4 Kf8 28. Kf2 h5 29. h4 Ke7 30. Bf3 Ba3 31. Be2 Rc2 32. Rd2 Rc3 33. Bd4 Rc8 34. Ba6 Rc1 35. Be3 Bb4 36. Rd7+ Bxd7 37. Bxc1 Bc6 38. Bd3 Bc3 39. Ke2 Bd7 40. Ba3+ Kf6 41. Bd6 b5 42. Bc5 a6 43. e5+ Ke6 44. Be4 b4 45. Kf3 Bb5 46. Bb7 f5 47. exf6 Kxf6 48. Be4 Bd7 49. Bd3 Bc8 50. Ke2 Kf7 51. Be4 Bd7 52. Bf2 Kf6 53. Kd3 Bb5+ 54. Kc2 Bd7 55. Kd3 Bb5+ 56. Ke3 Bd7 57. Bb7 Bb5 58. Ke4 Kf7 59. Bd5+ Ke7 60. Bc5+ Kf6 61. Bd4+ Bxd4 62. Kxd4 Be2 63. Be4 1-0

[Event "Aurora Summer op"]
[Site "Aurora"]
[Date "2014.07.05"]
[Round "2.2"]
[White "Ivanov, Mike"]
[Black "Qin, Zi Yi"]
[Result "1/2-1/2"]
[WhiteElo "2303"]
[BlackElo "2421"]
[PlyCount "182"]
[EventDate "2014.07.05"]
[EventType "swiss"]
[EventRounds "5"]
[EventCountry "CAN"]
[SourceTitle "EXT 2022"]
[Source "ChessBase"]
[SourceDate "2021.10.06"]
[SourceVersion "1"]
[SourceVersionDate "2021.10.06"]
[SourceQuality "1"]

1. e4 c5 2. Nf3 d6 3. d4 cxd4 4. Qxd4 a6 5. Be3 Nf6 6. Nc3 Nc6 7. Qd2 e6 8. 0-0-0 Be7 9. Bf4 0-0 10. Bxd6 Bxd6 11. Qxd6 Qa5 12. Bc4 Ne8 13. Qf4 b5 14. Bb3 Qb6 15. Rd2 Bb7 16. Ng5 Na5 17. Rhd1 h6 18. Nf3 Rc8 19. Ne5 Nf6 20. f3 Qc7 21. Nd3 Qe7 22. Ne1 Bc6 23. Qd6 Qa7 24. Ne2 Nb7 25. Qd4 Qa8 26. Nc3 Nd7 27. Nd5 exd5 28. exd5 Nf6 29. dxc6 Rxc6 30. Nd3 Na5 31. Ne5 Nxb3+ 32. axb3 Re6 33. Nd7 Nxd7 34. Qxd7 Rfe8 35. Qc7 Rc6 36. Qf4 Qc8 37. Kb1 Rf6 38. Qd4 Qb8 39. Qd8 Qe5 40. Qxe8+ Qxe8 41. Rd8 Kf8 42. Rxe8+ Kxe8 43. c4 Re6 44. Kc2 b4 45. Kd2 Kd7 46. Re1 Rd6+ 47. Ke2 Kc6 48. Rd1 Re6+ 49. Kf2 Re5 50. Ra1 Kb6 51. Ra4 a5 52. Ra1 Kc6 53. Rd1 Kc5 54. Rd7 Rf5 55. h4 h5 56. Ke3 Re5+ 57. Kd3 g5 58. Rxf7 gxh4 59. f4 Re1 60. Rf5+ Kb6 61. Rxh5 Rb1 62. Kc2 Rg1 63. Rxh4 Rxg2+ 64. Kb1 Rg1+ 65. Ka2 Rf1 66. Rh6+ Kc7 67. Rh5 Kb6 68. Rh6+ Kb7 69. Rf6 Rf3 70. f5 Kc7 71. Rf8 Kd6 72. f6 Rf5 73. Rb8 Ke6 74. Rb6+ Kf7 75. Ra6 Kg6 76. Rc6 Rxf6 77. Rc5 Rf5 78. Rb5 Kf6 79. Rxf5+ Kxf5 80. Kb1 Ke4 81. Kc2 Kd4 82. Kd2 Ke4 83. Ke2 Kd4 84. Kd2 Ke4 85. Ke2 Kd4 86. Kf3 a4 87. bxa4 Kxc4 88. b3+ Kxb3 89. a5 Kc2 90. a6 b3 91. a7 b2 1/2-1/2

[Event "Outaouais op "]
[Site "Gatineau"]
[Date "2014.06.07"]
[Round "3"]
[White "Qin, Zi Yi"]
[Black "Hebert, Jean"]
[Result "1-0"]
[WhiteElo "2431"]
[BlackElo "2448"]
[PlyCount "81"]
[EventDate "2014.06.06"]
[EventType "swiss"]
[EventRounds "5"]
[EventCountry "CAN"]
[SourceTitle "EXT 2015"]
[Source "ChessBase"]
[SourceDate "2014.11.20"]
[SourceVersion "1"]
[SourceVersionDate "2014.11.20"]
[SourceQuality "1"]

1. e4 e6 2. d4 d5 3. Nd2 Be7 4. Bd3 Nc6 5. c3 dxe4 6. Nxe4 e5 7. dxe5 Nxe5 8. Bb5+ c6 9. Qxd8+ Kxd8 10. Be2 Nf6 11. Ng5 h6 12. Bf4 hxg5 13. Bxe5 Ke8 14. Nf3 g4 15. Nd4 a6 16. 0-0-0 Ne4 17. Rhf1 f6 18. Bf4 g5 19. Bc7 c5 20. Nb3 Be6 21. f3 Rc8 22. Bb6 gxf3 23. Bxf3 f5 24. h3 Bxb3 25. axb3 Rh6 26. Ba5 b6 27. Bxb6 Rxb6 28. Bh5+ Kf8 29. Rxf5+ Rf6 30. Re5 Nd6 31. Rxg5 Rf2 32. Rg6 Rd8 33. Bf3 a5 34. Rd5 Rb8 35. Rxc5 Nf7 36. Rh5 Bd6 37. Rxd6 Rxb3 38. Rd2 Rxd2 39. Kxd2 Rxb2+ 40. Kc1 Ra2 41. Rf5 1-0

[Event "Montreal op"]
[Site "Montreal"]
[Date "2013.09.08"]
[Round "4"]
[White "Masse, Hugues"]
[Black "Qin, Zi Yi"]
[Result "0-1"]
[WhiteElo "2169"]
[BlackElo "2333"]
[PlyCount "106"]
[EventDate "2013.09.06"]
[EventType "swiss"]
[EventRounds "5"]
[EventCountry "CAN"]
[SourceTitle "EXT 2022"]
[Source "ChessBase"]
[SourceDate "2021.10.06"]
[SourceVersion "1"]
[SourceVersionDate "2021.10.06"]
[SourceQuality "1"]

1. d4 Nf6 2. c4 g6 3. g3 Bg7 4. Bg2 0-0 5. Nc3 d6 6. Nf3 c6 7. 0-0 Qa5 8. e4 e5 9. h3 Nbd7 10. Re1 exd4 11. Nxd4 Ne5 12. Bf1 Re8 13. Be3 c5 14. Nb3 Qb4 15. a3 Nf3+ 16. Qxf3 Qxb3 17. Rad1 Qxb2 18. Nb5 Bd7 19. Nxd6 Qxa3 20. Nxe8 Rxe8 21. Rd6 Qc3 22. Red1 Bc6 23. Rd8 h6 24. Rxe8+ Nxe8 25. Be2 Qe5 26. Bf4 Qe6 27. Bf1 Bxe4 28. Qe2 Qc6 29. Re1 Nf6 30. Be5 Bf3 31. Qe3 Nd7 32. Bxg7 Kxg7 33. Qc3+ Qf6 34. Qxf6+ Kxf6 35. Bg2 Bxg2 36. Kxg2 Ne5 37. Re4 a6 38. f4 Nc6 39. Kf3 b5 40. cxb5 axb5 41. Re8 Nd4+ 42. Ke4 Nf5 43. Kf3 Nd4+ 44. Ke3 Nf5+ 45. Kf2 Nd6 46. Re5 b4 47. Ke2 c4 48. Rd5 Ke6 49. Re5+ Kf6 50. Rd5 Ne4 51. Rd4 b3 52. Ke3 b2 53. Rd1 Nc3 0-1

[Event "Montreal op"]
[Site "Montreal"]
[Date "2013.09.07"]
[Round "3"]
[White "Qin, Zi Yi"]
[Black "Khashper, Arkady"]
[Result "1-0"]
[WhiteElo "2333"]
[BlackElo "2134"]
[PlyCount "119"]
[EventDate "2013.09.06"]
[EventType "swiss"]
[EventRounds "5"]
[EventCountry "CAN"]
[SourceTitle "EXT 2022"]
[Source "ChessBase"]
[SourceDate "2021.10.06"]
[SourceVersion "1"]
[SourceVersionDate "2021.10.06"]
[SourceQuality "1"]

1. e4 e6 2. d4 d5 3. Nd2 Nf6 4. e5 Nfd7 5. Bd3 c5 6. c3 Nc6 7. Ne2 cxd4 8. cxd4 f6 9. exf6 Nxf6 10. Nf3 Bd6 11. 0-0 0-0 12. Bf4 Bxf4 13. Nxf4 Ne4 14. Qc1 Ng5 15. Nxg5 Qxg5 16. Bxh7+ Kxh7 17. Nxe6 Qf6 18. Nxf8+ Qxf8 19. Qg5 Qf5 20. Qh4+ Kg8 21. Rae1 Bd7 22. Re3 Qg4 23. Qxg4 Bxg4 24. f3 Bh5 25. Kf2 Re8 26. Rc1 Kf8 27. Rxe8+ Kxe8 28. Ke3 Kd7 29. a3 Na5 30. Kd3 Nc4 31. Kc3 Ne3 32. g4 Bf7 33. Rg1 Nc4 34. h4 Nd6 35. h5 Bg8 36. Re1 Nf7 37. Kd3 Bh7+ 38. Ke3 Nd8 39. Kf4 Nc6 40. Rd1 Ke6 41. Kg5 Bc2 42. Rd2 Bb1 43. f4 Be4 44. f5+ Kf7 45. Rd1 Bc2 46. Rd2 Be4 47. Kf4 Kf6 48. Rd1 Kf7 49. Rc1 Kf6 50. b4 Bd3 51. Rc5 Bc4 52. g5+ Kf7 53. b5 Nxd4 54. Rc7+ Kf8 55. Rc8+ Kf7 56. g6+ Ke7 57. h6 gxh6 58. g7 Ne2+ 59. Ke5 d4 60. f6+ 1-0

[Event "Toronto NAYCC U18"]
[Site "Toronto"]
[Date "2013.08.18"]
[Round "8"]
[White "Colas, Joshua"]
[Black "Qin, Zi Yi"]
[Result "1-0"]
[WhiteElo "2405"]
[BlackElo "2460"]
[PlyCount "147"]
[EventDate "2013.08.14"]
[EventType "swiss"]
[EventRounds "9"]
[EventCountry "CAN"]
[SourceTitle "EXT 2022"]
[Source "ChessBase"]
[SourceDate "2021.10.06"]
[SourceVersion "1"]
[SourceVersionDate "2021.10.06"]
[SourceQuality "1"]

1. d4 Nf6 2. c4 g6 3. Nc3 Bg7 4. e4 d6 5. f3 c5 6. d5 0-0 7. Be3 e6 8. Nge2 exd5 9. cxd5 Nbd7 10. Ng3 a6 11. a4 Ne5 12. Be2 h5 13. 0-0 Nh7 14. Qd2 h4 15. Nh1 f5 16. Nf2 Bd7 17. f4 Nf7 18. Bd3 Qc7 19. Qc2 Rae8 20. Rae1 Qc8 21. b3 Re7 22. Bd2 Rfe8 23. a5 Bd4 24. Kh1 Nf6 25. Re2 Kg7 26. Qb1 Nh6 27. Qe1 Nhg8 28. e5 dxe5 29. d6 Re6 30. Bc4 e4 31. Bxe6 Rxe6 32. Nfd1 Rxd6 33. Ne3 Be6 34. Qb1 Nh5 35. Be1 Ngf6 36. Na4 Qc6 37. Nb6 Bxe3 38. Rxe3 Qb5 39. Bxh4 Ng4 40. Qa1+ Kg8 41. Ree1 Qxb3 42. h3 Nh6 43. Qe5 Nf7 44. Qxc5 Ng3+ 45. Bxg3 Qxg3 46. Re3 Qh4 47. Qc7 g5 48. fxg5 Qxg5 49. Qc3 Rc6 50. Qa3 Kh7 51. Rg3 Qh4 52. Qe3 Qh6 53. Qe1 Ne5 54. Qa1 Nd3 55. Qd4 Rc7 56. Nd5 Rf7 57. Kh2 f4 58. Rxd3 exd3 59. Qxd3+ Kg8 60. Qe4 Bxd5 61. Qxd5 Qh4 62. Rf3 Kg7 63. Qd4+ Kg8 64. Rc3 Qf6 65. Qxf6 Rxf6 66. Rc8+ Kf7 67. Rc7+ Ke6 68. Rxb7 Kd5 69. Rb6 Rf5 70. Rxa6 Kc4 71. Kg1 Kb5 72. Rb6+ Kxa5 73. Rb2 Ka4 74. Kf2 1-0

[Event "Toronto NAYCC U18"]
[Site "Toronto"]
[Date "2013.08.16"]
[Round "4"]
[White "Qin, Zi Yi"]
[Black "Itkin, David"]
[Result "1-0"]
[WhiteElo "2460"]
[BlackElo "2182"]
[PlyCount "65"]
[EventDate "2013.08.14"]
[EventType "swiss"]
[EventRounds "9"]
[EventCountry "CAN"]
[SourceTitle "EXT 2022"]
[Source "ChessBase"]
[SourceDate "2021.10.06"]
[SourceVersion "1"]
[SourceVersionDate "2021.10.06"]
[SourceQuality "1"]

1. Nf3 Nf6 2. g3 g6 3. b3 Bg7 4. Bb2 d6 5. d4 0-0 6. Bg2 c5 7. 0-0 Nc6 8. d5 Nb4 9. c4 b5 10. Nbd2 bxc4 11. bxc4 Rb8 12. Bc3 e5 13. a3 Na6 14. e4 Ne8 15. Ne1 f5 16. Nd3 Qe7 17. Qc2 Nf6 18. Rae1 fxe4 19. Nxe4 Nxe4 20. Bxe4 Bh3 21. Bg2 Bf5 22. f4 e4 23. Bxe4 Bxe4 24. Bxg7 Kxg7 25. Qa4 Rfe8 26. Nf2 Qf6 27. Rxe4 Rxe4 28. Nxe4 Qd4+ 29. Nf2 Rb6 30. Qd7+ Kh6 31. Qxa7 Qb2 32. Ng4+ Kh5 33. Qxh7+ 1-0

[Event "Toronto NAYCC U18"]
[Site "Toronto"]
[Date "2013.08.15"]
[Round "2"]
[White "Liang, Awonder"]
[Black "Qin, Zi Yi"]
[Result "1-0"]
[WhiteElo "2268"]
[BlackElo "2460"]
[PlyCount "73"]
[EventDate "2013.08.14"]
[EventType "swiss"]
[EventRounds "9"]
[EventCountry "CAN"]
[SourceTitle "EXT 2022"]
[Source "ChessBase"]
[SourceDate "2021.10.06"]
[SourceVersion "1"]
[SourceVersionDate "2021.10.06"]
[SourceQuality "1"]

1. e4 c5 2. Nf3 d6 3. d4 cxd4 4. Nxd4 Nf6 5. Nc3 a6 6. Bg5 e6 7. f4 Be7 8. Qf3 Qc7 9. 0-0-0 Nbd7 10. g4 h6 11. Bxf6 Bxf6 12. h4 Qb6 13. Nb3 Nc5 14. Nxc5 Qxc5 15. e5 dxe5 16. Ne4 Qc6 17. Bg2 Be7 18. fxe5 Bd7 19. Qd3 Qc7 20. Qd4 Rc8 21. c3 Rg8 22. Kb1 Bc6 23. Nd6+ Bxd6 24. Bxc6+ Qxc6 25. exd6 Kd7 26. g5 Qc4 27. Rhf1 Qxd4 28. Rxf7+ Kc6 29. Rxd4 hxg5 30. hxg5 b5 31. d7 Rcd8 32. Re7 Rgf8 33. Rxe6+ Kb7 34. Re7 g6 35. Rg7 Rf1+ 36. Kc2 Rf2+ 37. Kb3 1-0

[Event "Eastern Ontario op"]
[Site "Ottawa"]
[Date "2013.06.22"]
[Round "3"]
[White "Qin, Zi Yi"]
[Black "Sambuev, Bator"]
[Result "0-1"]
[WhiteElo "2459"]
[BlackElo "2689"]
[PlyCount "94"]
[EventDate "2013.06.21"]
[EventType "swiss"]
[EventRounds "5"]
[EventCountry "CAN"]
[SourceTitle "EXT 2014"]
[Source "ChessBase"]
[SourceDate "2013.11.20"]
[SourceVersion "1"]
[SourceVersionDate "2013.11.20"]
[SourceQuality "1"]

1. e4 e5 2. Nf3 d6 3. d4 Nf6 4. dxe5 Nxe4 5. Qd5 Nc5 6. Bg5 Qd7 7. exd6 Bxd6 8. Nc3 0-0 9. 0-0-0 Nc6 10. Bb5 a6 11. Bxc6 bxc6 12. Qd2 Qg4 13. Nd4 Ne6 14. Nxe6 Bxe6 15. f3 Qb4 16. Ne4 Qa4 17. Nxd6 Qxa2 18. Qc3 cxd6 19. Be7 Rfb8 20. Bxd6 Rb5 21. Qa3 Qc4 22. Rhe1 Bf5 23. Rd2 h5 24. b3 Qh4 25. Bg3 Qf6 26. Qb2 Qg5 27. Qc3 Rd5 28. Qe3 Qg6 29. Red1 Be6 30. Kb2 a5 31. Rxd5 cxd5 32. Rd4 Rc8 33. c3 Re8 34. Qd2 f6 35. Bc7 Bf7 36. Bxa5 Qf5 37. Qc2 Qe5 38. h4 Qe1 39. Rd2 Qxh4 40. Re2 Ra8 41. Bb4 Qf4 42. Qd2 Qb8 43. Re7 Qb5 44. Qe2 Qb6 45. Rd7 Qg1 46. Ba3 Bg6 47. c4 d4 0-1

[Event "Mauricie op"]
[Site "Trois Rivieres "]
[Date "2013.03.16"]
[Round "2"]
[White "Chiku Ratte, Olivier Kenta"]
[Black "Qin, Zi Yi"]
[Result "1-0"]
[WhiteElo "2153"]
[BlackElo "2459"]
[PlyCount "59"]
[EventDate "2013.03.15"]
[EventType "swiss"]
[EventRounds "5"]
[EventCountry "CAN"]
[SourceTitle "EXT 2014"]
[Source "ChessBase"]
[SourceDate "2013.11.20"]
[SourceVersion "1"]
[SourceVersionDate "2013.11.20"]
[SourceQuality "1"]

1. d4 Nf6 2. c4 g6 3. Nc3 Bg7 4. e4 d6 5. f4 0-0 6. Nf3 c5 7. d5 e6 8. Be2 exd5 9. cxd5 Bg4 10. 0-0 Nbd7 11. h3 Bxf3 12. Bxf3 Re8 13. g4 Nb6 14. g5 Nfd7 15. Qc2 Nc4 16. Qd3 Na5 17. Be3 a6 18. Rae1 b5 19. e5 dxe5 20. d6 Rc8 21. f5 e4 22. Bxe4 Ne5 23. Qd5 Nac4 24. fxg6 hxg6 25. Bxc5 Qxg5+ 26. Kh1 Red8 27. Bg2 Rd7 28. Ne4 Qd8 29. b3 Nb2 30. Bd4 1-0

[Event "Ottawa National Capital op"]
[Site "Ottawa"]
[Date "2012.10.21"]
[Round "5"]
[White "Kalra, Agastya"]
[Black "Qin, Zi Yi"]
[Result "0-1"]
[WhiteElo "1969"]
[BlackElo "2453"]
[PlyCount "84"]
[EventDate "2012.10.19"]
[EventType "swiss"]
[EventRounds "5"]
[EventCountry "CAN"]
[SourceTitle "EXT 2022"]
[Source "ChessBase"]
[SourceDate "2021.10.06"]
[SourceVersion "1"]
[SourceVersionDate "2021.10.06"]
[SourceQuality "1"]

1. e4 c5 2. Nf3 Nc6 3. d4 cxd4 4. Nxd4 e5 5. Nb5 d6 6. N1c3 a6 7. Na3 b5 8. Nd5 Nge7 9. Bg5 Be6 10. c4 b4 11. Nc2 a5 12. Be2 h6 13. Be3 Nc8 14. 0-0 Be7 15. b3 0-0 16. a3 bxa3 17. Nxa3 Bg5 18. Nb5 Bxe3 19. Nxe3 Qb6 20. Bg4 Nd4 21. Nxd4 exd4 22. Nd5 Bxd5 23. exd5 Ne7 24. Qd3 Ng6 25. Rfd1 Rfb8 26. Qxd4 Qxd4 27. Rxd4 Rxb3 28. g3 Ne5 29. Be2 Rb2 30. Kf1 Nd7 31. Rd3 Nc5 32. Rda3 a4 33. Bd1 Rb4 34. Rc3 Re8 35. Rca3 Ra8 36. Rc3 g5 37. f3 Kg7 38. Kf2 Kf6 39. Bc2 Rb2 40. Ke1 Ke5 41. Rb1 a3 42. Kd2 Rxb1 0-1

[Event "Ottawa National Capital op"]
[Site "Ottawa"]
[Date "2012.10.20"]
[Round "3"]
[White "Zhao, Yuetong Davy"]
[Black "Qin, Zi Yi"]
[Result "0-1"]
[WhiteElo "1846"]
[BlackElo "2453"]
[PlyCount "88"]
[EventDate "2012.10.19"]
[EventType "swiss"]
[EventRounds "5"]
[EventCountry "CAN"]
[SourceTitle "EXT 2022"]
[Source "ChessBase"]
[SourceDate "2021.10.06"]
[SourceVersion "1"]
[SourceVersionDate "2021.10.06"]
[SourceQuality "1"]

1. e4 c5 2. Nf3 d6 3. d4 cxd4 4. Nxd4 Nf6 5. Nc3 a6 6. a4 e6 7. Be2 Be7 8. Be3 Qc7 9. 0-0 0-0 10. f4 Bd7 11. Qe1 Nc6 12. Nb3 Nb4 13. Rc1 d5 14. exd5 Nfxd5 15. Bd4 Nxf4 16. Bd1 Ng6 17. Ne4 Nc6 18. Qc3 Bb4 19. Qc4 Nge5 20. Bxe5 Qxe5 21. c3 Be7 22. Bf3 Rac8 23. Qd3 Qc7 24. Be2 Qb6+ 25. Nd4 e5 26. Qg3 exd4 27. Bd3 dxc3+ 28. Kh1 Qc7 29. Qe3 cxb2 30. Rc5 f5 31. Ng5 Bxg5 32. Qxg5 Qd6 33. Qe3 Rce8 34. Bc4+ Kh8 35. Qa3 Re5 36. Qxb2 Qxc5 37. Bb3 Nd4 38. Rd1 Qb4 39. Qb1 Nxb3 40. h3 Bc6 41. Kh2 Qf4+ 42. Kg1 Re2 43. Qxb3 Qf2+ 44. Kh1 Qxg2# 0-1

[Event "Ottawa RA Autumn op"]
[Site "Ottawa"]
[Date "2012.09.16"]
[Round "4"]
[White "Hambleton, Aman"]
[Black "Qin, Zi Yi"]
[Result "1-0"]
[WhiteElo "2134"]
[BlackElo "2145"]
[PlyCount "57"]
[EventDate "2012.09.14"]
[EventType "swiss"]
[EventRounds "5"]
[EventCountry "CAN"]
[SourceTitle "EXT 2022"]
[Source "ChessBase"]
[SourceDate "2021.10.06"]
[SourceVersion "1"]
[SourceVersionDate "2021.10.06"]
[SourceQuality "1"]

1. d4 Nf6 2. c4 g6 3. f3 Bg7 4. e4 d6 5. Be3 0-0 6. Nc3 b6 7. Bd3 c5 8. e5 Ne8 9. Be4 cxd4 10. Qxd4 Bxe5 11. Qd2 Nc7 12. Bxa8 Nxa8 13. Bd4 Nc6 14. Bxe5 Nxe5 15. b3 Bf5 16. Nge2 Nd3+ 17. Kf1 Ne5 18. Nd4 Bd7 19. Kf2 Nc7 20. Rad1 Ne6 21. Rhe1 Nc5 22. Kg1 Re8 23. Qe3 Kg7 24. h3 Kg8 25. Nd5 e6 26. Nc3 a6 27. Nc2 Nb7 28. Ne4 Qe7 29. Qxb6 1-0

[Event "Montreal-ch op"]
[Site "Montreal"]
[Date "2012.09.09"]
[Round "4"]
[White "Qin, Zi Yi"]
[Black "Hebert, Jean"]
[Result "1/2-1/2"]
[WhiteElo "2237"]
[BlackElo "2399"]
[PlyCount "45"]
[EventDate "2012.09.07"]
[EventType "swiss"]
[EventRounds "5"]
[EventCountry "CAN"]
[SourceTitle "EXT 2013"]
[Source "ChessBase"]
[SourceDate "2012.11.22"]
[SourceVersion "1"]
[SourceVersionDate "2012.11.22"]
[SourceQuality "1"]

1. e4 e6 2. d4 d5 3. Nd2 Be7 4. Bd3 c5 5. dxc5 Nd7 6. exd5 exd5 7. Nb3 Nxc5 8. Nxc5 Bxc5 9. Qe2+ Qe7 10. Bb5+ Bd7 11. Bxd7+ Kxd7 12. Qxe7+ Nxe7 13. Nf3 f6 14. 0-0 Rhe8 15. Re1 Nf5 16. Bd2 Re4 17. Kf1 Rae8 18. Rad1 Nd6 19. Bc1 Kc6 20. Rxe4 dxe4 21. Nd4+ Bxd4 22. Rxd4 b5 23. Ke2 1/2-1/2

[Event "Montreal-ch op"]
[Site "Montreal"]
[Date "2012.09.09"]
[Round "5"]
[White "Sturt, Raven M"]
[Black "Qin, Zi Yi"]
[Result "0-1"]
[WhiteElo "2277"]
[BlackElo "2237"]
[PlyCount "34"]
[EventDate "2012.09.07"]
[EventType "swiss"]
[EventRounds "5"]
[EventCountry "CAN"]
[SourceTitle "EXT 2013"]
[Source "ChessBase"]
[SourceDate "2012.11.22"]
[SourceVersion "1"]
[SourceVersionDate "2012.11.22"]
[SourceQuality "1"]

1. d4 Nf6 2. c4 g6 3. Nc3 Bg7 4. Nf3 0-0 5. g3 d6 6. Bg2 c6 7. 0-0 Qa5 8. e4 e5 9. h3 Nbd7 10. Be3 Nb6 11. Qe2 exd4 12. Nxd4 Qb4 13. Rfd1 Qxc4 14. Qc2 d5 15. a3 Nxe4 16. Bf1 Nxc3 17. bxc3 Qa4 0-1

[Event "Quebec-ch op"]
[Site "Montreal"]
[Date "2012.07.27"]
[Round "8"]
[White "Qin, Zi Yi"]
[Black "Thavandiran, Shiyam"]
[Result "0-1"]
[WhiteElo "2198"]
[BlackElo "2301"]
[PlyCount "110"]
[EventDate "2012.07.21"]
[EventType "swiss"]
[EventRounds "9"]
[EventCountry "CAN"]
[SourceTitle "CBM 149 Extra"]
[Source "ChessBase"]
[SourceDate "2012.08.24"]
[SourceVersion "1"]
[SourceVersionDate "2012.08.24"]
[SourceQuality "1"]

1. e4 e6 2. d4 d5 3. Nd2 Nc6 4. Ngf3 Nf6 5. e5 Nd7 6. Bd3 f6 7. Ng5 Ndxe5 8. dxe5 fxg5 9. Qh5+ g6 10. Bxg6+ Kd7 11. f4 gxf4 12. Bd3 Nb4 13. 0-0 Nxd3 14. cxd3 Qe8 15. Qe2 b6 16. Rxf4 Ba6 17. Rf6 Bc5+ 18. Kh1 Rf8 19. Nf3 Qh5 20. Bg5 Rg8 21. Bf4 Raf8 22. Rc1 Qg4 23. Bg3 h5 24. Qc2 h4 25. d4 hxg3 26. dxc5 Qe4 27. Qd2 gxh2 28. Qh6 Qg4 29. Ng5 Rxf6 30. Qh7+ Kc6 31. cxb6+ Bc4 32. Qxg8 Rf2 33. Qxe6+ Qxe6 34. Nxe6 Kxb6 35. b3 Bf1 36. Nxc7 Bxg2+ 37. Kxh2 Be4+ 38. Kg3 Rxa2 39. e6 Rg2+ 40. Kf4 Rg7 41. Ne8 Re7 42. Nf6 Rxe6 43. Nd7+ Kb5 44. Rc7 Re7 45. Rxa7 d4 46. Ra1 Bc2 47. Ne5 d3 48. Nf3 Kb4 49. Re1 d2 50. Rxe7 d1Q 51. Rb7+ Ka3 52. b4 Qd6+ 53. Ke3 Qe6+ 54. Kf2 Be4 55. Ra7+ Kb2 0-1